<The> impacts of the rising Somali piracy
Medzinárodné vplyvy somálskeho pirátstva na lodiarske spoločnosti a medzinárodný obchod. Environmentálne vplyvy. Medzinárodná spoločná reakcia. Makroekonomické a bezpečnostné vplyvy. Vnútroštátne vplyvy.
Salvato in:
| Autore principale: | |
|---|---|
| Natura: | Capitolo di libro |
| Lingua: | inglese |
| Soggetti: | |
| Tags: |
Nessun Tag, puoi essere il primo ad aggiungerne!!
|
MARC
| LEADER | 00000nla a2200000 4500 | ||
|---|---|---|---|
| 001 | 0151782 | ||
| 005 | 20240502083346.3 | ||
| 041 | 0 | |a eng | |
| 044 | |a HU | ||
| 245 | 1 | 0 | |a <The> impacts of the rising Somali piracy |c Viliam Pajtinka |
| 520 | |a Medzinárodné vplyvy somálskeho pirátstva na lodiarske spoločnosti a medzinárodný obchod. Environmentálne vplyvy. Medzinárodná spoločná reakcia. Makroekonomické a bezpečnostné vplyvy. Vnútroštátne vplyvy. | ||
| 610 | 2 | 0 | |a kriminalita |
| 610 | 2 | 0 | |a činnosť trestná |
| 610 | 2 | 0 | |a doprava námorná |
| 610 | 2 | 0 | |a Somálsko |
| 100 | 1 | |a Pajtinka, Viliam | |